| 000 | 00403nam a2200157Ia 4500 | ||
|---|---|---|---|
| 008 | 230312s9999||||xx |||||||||||||| ||und|| | ||
| 020 | _a0-07-055341-6 | ||
| 082 |
_a629.1323 _bSCH-A |
||
| 100 | _aSchlichting;Hermann | ||
| 245 | 0 | _aAerodynamics of the Airplane | |
| 260 |
_bMcGraw Hill _aUSA _c1979 |
||
| 300 | _a541 | ||
| 546 | _aEng. | ||
| 650 |
_aAviation _vAerodynamics of the Airplane |
||
| 942 | _cBK | ||
| 999 |
_c7253 _d7253 |
||